[Event "1st Easter Festival-A 2021"]
[Site "Bassano del Grappa"]
[Date "2021.04.05"]
[Round "9.6"]
[White "Sonis, Francesco"]
[Black "Brinovec, David"]
[Result "1-0"]
[WhiteElo "2477"]
[BlackElo "2262"]
[Annotator "ChessBase"]
[PlyCount "81"]
[EventDate "2021.04.01"]
[EventType "swiss"]
[EventCountry "ITA"]
[SourceTitle "playchess.com"]
[Source "ChessBase"]
[SourceQuality "1"]
[TimeControl "5400+30"]

1. Nf3 {[%emt 0:00:43]} d5 {[%emt 0:00:00]} 2. g3 {[%emt 0:00:05]} Nf6 {[%emt 0:00:00]} 3. Bg2 {[%emt 0:00:13]} Nbd7 {[%emt 0:00:15]} 4. d4 {[%emt 0:00:05]} e6 {[%emt 0:00:04]} 5. O-O {[%emt 0:00:04]} Be7 {[%emt 0:00:03]} 6. c4 {[%emt 0:00:03]} O-O {[%emt 0:00:22]} 7. Qd3 {[%emt 0:00:51]} b6 {[%emt 0:00:37]} 8. cxd5 {[%emt 0:00:11]} exd5 {[%emt 0:00:06]} 9. Nc3 {[%emt 0:00:15]} Bb7 {[%emt 0:00:27]} 10. Ne5 {[%emt 0:00:14]} c5 {[%emt 0:03:06]} 11. Bf4 {[%emt 0:00:33]} Qc8 {[%emt 0:17:43]} 12. Rac1 {[%emt 0:08:41]} Rd8 {[%emt 0:00:50]} 13. Rfd1 {[%emt 0:02:44]} Nf8 {[%emt 0:01:25]} 14. Qb1 {[%emt 0:05:24]} a6 {[%emt 0:08:03]} 15. dxc5 {[%emt 0:14:33]} bxc5 {[%emt 0:00:13]} 16. Na4 {[%emt 0:00:03]} Qe6 {[%emt 0:01:16]} 17. Nd3 {[%emt 0:01:16]} N8d7 {[%emt 0:04:51]} 18. Naxc5 {[%emt 0:12:50]} Nxc5 {[%emt 0:00:10]} 19. Nxc5 {[%emt 0:00:03]} Bxc5 {[%emt 0:00:06]} 20. Rxc5 {[%emt 0:00:03]} Qxe2 {[%emt 0:01:07]} 21. Rc7 {[%emt 0:00:10]} Qb5 {[%emt 0:00:31]} 22. b4 {[%emt 0:09:36]} Rd7 {[%emt 0:01:38]} 23. Rc5 {[%emt 0:06:48]} Qb6 {[%emt 0:01:11]} 24. Be3 {[%emt 0:01:26]} Qe6 {[%emt 0:02:27]} 25. Bd4 {[%emt 0:00:36]} Ne4 {[%emt 0:14:48]} 26. Rc2 {[%emt 0:00:02]} Nd6 {[%emt 0:01:42]} 27. a4 {[%emt 0:04:23]} Nc4 {[%emt 0:07:09]} 28. Qa1 {[%emt 0:00:15]} Qg6 {[%emt 0:03:40]} 29. Re2 {[%emt 0:00:07]} h5 {[%emt 0:01:50]} 30. h4 {[%emt 0:02:25]} Bc6 {[%emt 0:00:43]} 31. Rde1 {[%emt 0:00:49]} Nd6 {[%emt 0:01:17]} 32. Re5 {[%emt 0:00:51]} f6 {[%emt 0:01:59]} 33. Re6 {[%emt 0:01:18]} Bb7 {[%emt 0:01:35]} 34. Bh3 {[%emt 0:00:46]} Qf7 {[%emt 0:07:57]} 35. Rxf6 {[%emt 0:02:56]} gxf6 {[%emt 0:00:05]} 36. Be6 {[%emt 0:00:04]} Ne4 {[%emt 0:00:06]} 37. Bxf7+ {[%emt 0:00:04]} Kxf7 {[%emt 0:00:05]} 38. Qd1 {[%emt 0:00:03]} Kg6 {[%emt 0:00:23]} 39. f3 {[%emt 0:00:25]} Nxg3 {[%emt 0:01:01]} 40. Kf2 {[%emt 0:00:04]} Nf5 {[%emt 0:00:12]} 41. Qd3 {[%emt 0:00:03]} 1-0

[Event "1st Easter Festival-A 2021"]
[Site "Bassano del Grappa"]
[Date "2021.04.05"]
[Round "9.6"]
[White "Schreiner, Peter"]
[Black "Palozza, Christian"]
[Result "*"]
[WhiteElo "2458"]
[BlackElo "2263"]
[Annotator "ChessBase"]
[PlyCount "34"]
[EventDate "2021.04.01"]
[EventType "swiss"]
[EventCountry "ITA"]
[SourceTitle "playchess.com"]
[Source "ChessBase"]
[SourceQuality "1"]
[TimeControl "5400+30"]

1. Nf3 {[%emt 0:00:43]} d5 {[%emt 0:00:00]} 2. g3 {[%emt 0:00:05]} Nf6 {[%emt 0:00:00]} 3. Bg2 {[%emt 0:00:13]} Nbd7 {[%emt 0:00:15]} 4. d4 {[%emt 0:00:05]} e6 {[%emt 0:00:04]} 5. O-O {[%emt 0:00:04]} Be7 {[%emt 0:00:03]} 6. c4 {[%emt 0:00:03]} O-O {[%emt 1:32:38]} 7. Qd3 {[%emt 0:00:51]} b6 {[%emt 0:00:37]} 8. cxd5 {[%emt 0:00:11]} exd5 {[%emt 0:00:06]} 9. Nc3 {[%emt 0:00:15]} Bb7 {[%emt 0:00:27]} 10. Ne5 {[%emt 0:00:14]} c5 {[%emt 0:03:06]} 11. Bf4 {[%emt 0:00:33]} Qc8 {[%emt 0:17:43]} 12. Rac1 {[%emt 0:08:41]} Rd8 {[%emt 0:00:50]} 13. Rfd1 {[%emt 0:02:44]} Nf8 {[%emt 1:12:57]} 14. Qb1 {[%emt 0:05:24]} a6 {[%emt 0:08:03]} 15. dxc5 {[%emt 0:14:33]} bxc5 {[%emt 0:00:13]} 16. Na4 {[%emt 0:00:03]} Qe6 {[%emt 0:01:16]} 17. Nd3 {[%emt 0:01:16]} N8d7 {[%emt 0:04:51]} *

[Event "1st Easter Festival-A 2021"]
[Site "Bassano del Grappa"]
[Date "2021.04.05"]
[Round "9.7"]
[White "Schreiner, Peter"]
[Black "Palozza, Christian"]
[Result "1/2-1/2"]
[WhiteElo "2458"]
[BlackElo "2263"]
[Annotator "ChessBase"]
[PlyCount "56"]
[EventDate "2021.04.01"]
[EventType "swiss"]
[EventCountry "ITA"]
[SourceTitle "playchess.com"]
[Source "ChessBase"]
[SourceQuality "1"]
[TimeControl "5400+30"]

1. d4 {[%emt 0:00:32]} e6 {[%emt 0:00:00]} 2. c4 {[%emt 0:00:05]} Nf6 {[%emt 0:00:00]} 3. Nf3 {[%emt 0:00:04]} d5 {[%emt 0:00:00]} 4. g3 {[%emt 0:00:05]} dxc4 {[%emt 0:00:00]} 5. Bg2 {[%emt 0:00:06]} c6 {[%emt 0:00:00]} 6. Ne5 {[%emt 0:00:20]} Bb4+ {[%emt 0:00:17]} 7. Nc3 {[%emt 0:00:11]} Nd5 {[%emt 0:00:06]} 8. Bd2 {[%emt 0:00:23]} b5 {[%emt 0:00:07]} 9. O-O {[%emt 0:01:22]} O-O {[%emt 0:00:07]} 10. a4 {[%emt 0:00:49]} a5 {[%emt 0:03:37]} 11. axb5 {[%emt 0:07:01]} Bxc3 {[%emt 0:01:50]} 12. bxc3 {[%emt 0:00:09]} cxb5 {[%emt 0:00:27]} 13. Qb1 {[%emt 0:02:52]} f6 {[%emt 0:06:30]} 14. Ng4 {[%emt 0:07:44]} Bd7 {[%emt 0:04:09]} 15. f4 {[%emt 0:04:49]} Na6 {[%emt 0:14:49]} 16. f5 {[%emt 0:12:22]} Nac7 {[%emt 0:02:19]} 17. e4 {[%emt 0:02:20]} exf5 {[%emt 0:04:23]} 18. Nh6+ gxh6 {[%emt 0:00:09]} 19. exd5 {[%emt 0:00:44]} Ra6 {[%emt 0:02:40]} 20. Bxh6 {[%emt 0:17:31]} Re8 {[%emt 0:00:26]} 21. Bf4 {[%emt 0:01:16]} Na8 {[%emt 0:07:09]} 22. Ra3 {[%emt 0:19:44]} Nb6 {[%emt 0:10:39]} 23. Qc2 {[%emt 0:00:05]} Nc8 {[%emt 0:08:32]} 24. Rfa1 {[%emt 0:05:45]} a4 {[%emt 0:00:22]} 25. R3a2 {[%emt 0:06:11]} Nd6 {[%emt 0:01:01]} 26. Bc1 {[%emt 0:01:26]} Qe7 {[%emt 0:03:56]} 27. Ba3 {[%emt 0:03:30]} Qe3+ {[%emt 0:00:11]} 28. Kh1 {[%emt 0:00:26]} Ne4 {[%emt 0:01:30]} 1/2-1/2

[Event "1st Easter Festival-A 2021"]
[Site "Bassano del Grappa"]
[Date "2021.04.05"]
[Round "9.7"]
[White "Carlo, Emanuele"]
[Black "Dardha, Daniel"]
[Result "*"]
[WhiteElo "2282"]
[BlackElo "2516"]
[Annotator "RC"]
[PlyCount "38"]
[EventDate "2021.04.01"]
[EventType "swiss"]
[EventCountry "ITA"]
[SourceTitle "playchess.com"]
[Source "ChessBase"]
[SourceQuality "1"]
[TimeControl "5400+30"]

1. d4 {[%emt 0:00:32]} e6 {[%emt 0:00:00]} 2. c4 {[%emt 0:00:05]} Nf6 {[%emt 0:00:00]} 3. Nf3 {[%emt 0:00:04]} d5 {[%emt 0:00:00]} 4. g3 {[%emt 0:00:05]} dxc4 {[%emt 0:00:00]} 5. Bg2 {[%emt 0:00:06]} c6 {[%emt 0:00:00]} 6. Ne5 {[%emt 0:00:20]} Bb4+ {[%emt 0:00:17]} 7. Nc3 {[%emt 0:00:11]} Nd5 {[%emt 0:00:06]} 8. Bd2 {[%emt 0:00:23]} b5 {[%emt 0:00:07]} 9. O-O {[%emt 0:01:22]} O-O {[%emt 0:00:07]} 10. a4 {[%emt 0:00:49]} a5 {[%emt 0:03:37]} 11. axb5 {[%emt 0:07:01]} Bxc3 {[%emt 0:01:50]} 12. bxc3 {[%emt 0:00:09]} cxb5 {[%emt 0:00:27]} 13. Qb1 {[%emt 0:02:52]} f6 {[%emt 0:06:30]} 14. Ng4 {[%emt 0:07:44]} Bd7 {[%emt 0:04:09]} 15. f4 {[%emt 0:04:49]} Na6 {[%emt 0:14:49]} 16. f5 {[%emt 0:12:22]} Nac7 {[%emt 0:02:19]} 17. e4 {[%emt 0:02:20]} exf5 {[%emt 0:04:23]} 18. Nh6+ gxh6 {[%emt 0:00:09]} 19. exd5 {[%emt 0:00:44]} Ra6 {[%emt 0:02:40]} *

[Event "1st Easter Festival-A 2021"]
[Site "Bassano del Grappa"]
[Date "2021.04.05"]
[Round "9.8"]
[White "Sonis, Francesco"]
[Black "Brinovec, David"]
[Result "*"]
[WhiteElo "2477"]
[BlackElo "2262"]
[Annotator "ChessBase"]
[PlyCount "24"]
[EventDate "2021.04.01"]
[EventType "swiss"]
[EventCountry "ITA"]
[SourceTitle "playchess.com"]
[Source "ChessBase"]
[SourceQuality "1"]
[TimeControl "5400+30"]

1. e4 {[%emt 0:00:00]} c5 {[%emt 0:07:53]} 2. Nf3 {[%emt 0:00:00]} Nc6 {[%emt 0:00:10]} 3. Nc3 {[%emt 0:00:00]} g6 {[%emt 1:23:27]} 4. Bb5 {[%emt 0:00:54]} Bg7 {[%emt 0:02:32]} 5. O-O {[%emt 0:01:12]} e5 {[%emt 0:01:19]} 6. d3 {[%emt 0:04:30]} Nge7 {[%emt 0:01:18]} 7. a3 {[%emt 0:03:32]} O-O {[%emt 1:19:01]} 8. Bc4 {[%emt 0:04:11]} d6 {[%emt 0:05:47]} 9. Bg5 {[%emt 0:04:09]} Kh8 {[%emt 0:04:57]} 10. Qd2 {[%emt 0:07:48]} Bg4 {[%emt 1:03:52]} 11. Ne1 {[%emt 0:02:50]} Be6 {[%emt 0:01:11]} 12. Rb1 {[%emt 1:06:54]} Qd7 {[%emt 0:05:49]} *

[Event "1st Easter Festival-A 2021"]
[Site "Bassano del Grappa"]
[Date "2021.04.05"]
[Round "9.8"]
[White "Carlo, Emanuele"]
[Black "Dardha, Daniel"]
[Result "0-1"]
[WhiteElo "2282"]
[BlackElo "2516"]
[Annotator "TA"]
[PlyCount "80"]
[EventDate "2021.04.01"]
[EventType "swiss"]
[EventCountry "ITA"]
[SourceTitle "playchess.com"]
[Source "ChessBase"]
[SourceQuality "1"]

{[%evp 11,80,13,18,9,14,7,18,4,26,-12,-11,-4,29,-10,-2,-8,0,-43,-46,-46,-34,-71,-52,-65,-60,-60,-59,-49,-39,-60,-66,-80,-87,-79,-94,-73,-86,-74,-78,-84,-93,-83,-78,-73,-87,-107,-107,-146,-145,-178,-144,-181,-151,-152,-160,-157,-118,-124,-125,-193,-181,-157,-131,-155,-149,-277,-249,-365,-261,-278,-280]} 1. e4 c5 2. Nf3 Nc6 3. Nc3 g6 4. Bb5 Bg7 5. O-O e5 6. d3 Nge7 7. a3 {B31: Sicilian: 2...Nc6 3 Bb5 g6.} O-O 8. Bc4 d6 9. Bg5 {The position is equal.} Kh8 {[#]} 10. Qd2 $146 ({Predecessor:} 10. h3 h6 11. Bxe7 Qxe7 12. Nd5 Qd8 13. b4 f5 14. c3 f4 15. Qe2 Bd7 16. Rfb1 {½-½ (40) Pachnicke,H (2222)-Watson,R (2245) ICCF email 2019}) 10... Bg4 11. Ne1 Be6 12. Rb1 Qd7 13. Nd5 f6 14. Bh6 Bxh6 15. Qxh6 Bxd5 16. exd5 Nd4 17. Qd2 b5 18. Ba2 a5 19. c3 Ndf5 20. Nc2 Qb7 21. d4 exd4 22. cxd4 c4 23. a4 Nxd5 24. axb5 Qxb5 25. Na3 Qb4 26. Nxc4 Qxd2 27. Nxd2 Nb4 28. Bc4 d5 29. Be2 Nxd4 30. Bf3 Rfc8 31. Rfd1 Rc2 32. Nf1 Nxf3+ 33. gxf3 Kg7 34. Ne3 {[#]} Rc5 35. Ra1 (35. Rd2 $17) 35... Rac8 36. Kg2 f5 37. f4 Re8 38. Ra4 (38. Rd2 $17) 38... Re4 $19 39. Rda1 (39. Kf1 {might work better.}) 39... Nc6 ({Weaker is} 39... Rxf4 40. Rxa5 Rxa5 41. Rxa5 $17) 40. b3 Kf7 {Weighted Error Value: White=0.23/Black=0.12} 0-1

[Event "1st Easter Festival-A 2021"]
[Site "Bassano del Grappa"]
[Date "2021.04.05"]
[Round "9.9"]
[White "Fischer, Daniel"]
[Black "Diermair, Andreas"]
[Result "1/2-1/2"]
[WhiteElo "2276"]
[BlackElo "2487"]
[Annotator "TA"]
[PlyCount "36"]
[EventDate "2021.04.01"]
[EventType "swiss"]
[EventCountry "ITA"]
[SourceTitle "playchess.com"]
[Source "ChessBase"]
[SourceQuality "1"]

{[%evp 9,36,0,0,0,0,-68,23,0,0,0,0,0,8,0,0,0,0,0,3,-135,-145,-136,29,39,62,59,78,64,64]} 1. e4 c6 2. d4 d5 3. e5 c5 4. dxc5 e6 5. a3 Bxc5 6. Qg4 {B12: Caro-Kann: Advance Variation.} Ne7 7. Nf3 (7. Qxg7 $11 Ng6 8. Bd3) 7... O-O (7... Qb6 $1 $15 8. Qxg7 Bxf2+ 9. Kd1 Rg8 10. Qxh7 Nbc6) 8. Bd3 {[#] Bxh7+! is the strong threat.White has an edge.} f5 9. exf6 Rxf6 {Hoping for ...e5!} 10. Qh5 h6 {[#]} 11. b4 $146 {[%mdl 2048] White has the initiative.} ({Predecessor:} 11. O-O Bd6 12. Bd2 Nd7 13. Bc3 Rf4 14. Nbd2 Nc5 15. Bg6 Bd7 16. g3 Rf8 17. b4 {½-½ (33) Ilyasov,A (2385)-Zajsek,F (2381) GER email 2018}) 11... Bd6 12. Bb2 Nd7 13. O-O Rf4 14. Ne5 (14. Re1 $11 {keeps the balance.} Nf6 15. Bxf6 Rxf6 16. Nbd2) 14... Nxe5 $17 15. Bxe5 {[#]} Bxe5 (15... g6 $1 $17 {[%cal Rg6h5]} 16. Bxd6 gxh5 17. Bxf4 Nc6) 16. Qxe5 $11 Qf8 17. g3 Rf6 18. Nd2 Nc6 {Weighted Error Value: White=0.33/Black=0.31} 1/2-1/2

[Event "1st Easter Festival-A 2021"]
[Site "Bassano del Grappa"]
[Date "2021.04.05"]
[Round "9.10"]
[White "Maerevoet, Sim"]
[Black "Deuer, Marius"]
[Result "1-0"]
[WhiteElo "2381"]
[BlackElo "2231"]
[Annotator "ChessBase"]
[PlyCount "93"]
[EventDate "2021.04.01"]
[EventType "swiss"]
[EventCountry "ITA"]
[SourceTitle "playchess.com"]
[Source "ChessBase"]
[SourceQuality "1"]
[TimeControl "5400+30"]

1. c4 {[%emt 0:00:00]} c5 {[%emt 0:00:00]} 2. Nc3 {[%emt 0:00:00]} Nf6 {[%emt 0:00:00]} 3. Nf3 {[%emt 0:00:00]} e6 {[%emt 0:00:44]} 4. e3 {[%emt 0:00:34]} Nc6 {[%emt 0:00:06]} 5. d4 {[%emt 0:00:21]} d5 {[%emt 0:00:04]} 6. cxd5 {[%emt 0:00:22]} Nxd5 {[%emt 0:00:06]} 7. Bc4 {[%emt 0:00:12]} Be7 {[%emt 0:00:05]} 8. O-O {[%emt 0:00:52]} cxd4 {[%emt 0:01:24]} 9. exd4 {[%emt 0:00:14]} O-O {[%emt 0:00:10]} 10. Re1 {[%emt 0:01:59]} Bf6 {[%emt 0:00:14]} 11. Ne4 {[%emt 0:04:12]} b6 {[%emt 0:00:32]} 12. Nxf6+ {[%emt 0:20:19]} Nxf6 {[%emt 0:00:09]} 13. Bg5 {[%emt 0:06:04]} Bb7 {[%emt 0:09:36]} 14. Ne5 {[%emt 0:00:18]} Ne7 {[%emt 0:33:02]} 15. Qd3 {[%emt 0:10:54]} Nfd5 {[%emt 0:04:45]} 16. Qh3 {[%emt 0:05:12]} Qd6 {[%emt 0:06:19]} 17. Bd3 {[%emt 0:02:21]} Ng6 {[%emt 0:03:16]} 18. Nxg6 {[%emt 0:01:08]} hxg6 {[%emt 0:00:34]} 19. Re4 {[%emt 0:01:57]} f5 {[%emt 0:00:43]} 20. Rh4 {[%emt 0:04:12]} Rac8 {[%emt 0:02:09]} 21. Re1 {[%emt 0:06:21]} Kf7 {[%emt 0:05:16]} 22. Rh7 {[%emt 0:04:25]} Rg8 {[%emt 0:03:03]} 23. a3 {[%emt 0:01:15]} Qc7 {[%emt 0:05:08]} 24. Qh6 {[%emt 0:01:55]} Qc6 {[%emt 0:01:54]} 25. Bf1 {[%emt 0:01:25]} Qd6 {[%emt 0:06:03]} 26. h4 {[%emt 0:00:58]} Nf6 {[%emt 0:02:32]} 27. Bxf6 {[%emt 0:00:57]} Kxf6 {[%emt 0:00:03]} 28. Qg5+ {[%emt 0:00:29]} Kf7 {[%emt 0:00:02]} 29. h5 {[%emt 0:00:40]} gxh5 {[%emt 0:00:13]} 30. Be2 {[%emt 0:01:06]} Qe7 {[%emt 0:02:23]} 31. Bxh5+ {[%emt 0:00:51]} Kf8 {[%emt 0:00:01]} 32. Qf4 {[%emt 0:03:07]} Bd5 {[%emt 0:00:17]} 33. g4 {[%emt 0:06:03]} Qc7 {[%emt 0:06:33]} 34. Qxc7 {[%emt 0:01:13]} Rxc7 {[%emt 0:00:05]} 35. gxf5 {[%emt 0:00:07]} Rc4 {[%emt 0:00:56]} 36. fxe6 {[%emt 0:01:47]} Ke7 {[%emt 0:00:04]} 37. Bf7 {[%emt 0:00:10]} Rf8 {[%emt 0:04:05]} 38. Rxg7 {[%emt 0:00:48]} Rxd4 {[%emt 0:00:25]} 39. Bh5+ {[%emt 0:03:55]} Kf6 {[%emt 0:00:54]} 40. Rg6+ {[%emt 0:00:41]} Ke7 {[%emt 0:00:39]} 41. Re5 {[%emt 0:01:57]} Rh8 {[%emt 0:01:10]} 42. Rgg5 {[%emt 0:01:21]} Bc6 {[%emt 0:00:33]} 43. Kf1 {[%emt 0:02:31]} Rh4 {[%emt 0:01:36]} 44. Ke2 {[%emt 0:00:42]} Rf8 {[%emt 0:00:42]} 45. Rg7+ {[%emt 0:01:26]} Kf6 {[%emt 0:01:14]} 46. e7 {[%emt 0:00:30]} Kxg7 {[%emt 0:00:49]} 47. Rg5+ {[%emt 0:00:11]} 1-0